MARC

LEADER 00000nam0a2200000 4500
001 21698
005 20231101205440.0
035 |a (RuTPU)RU\TPU\book\21905 
035 |a BOOK00006598 
090 |a 21698 
100 |a 20011209d1983 km y0rusy50 ca 
101 0 |a rus  |a eng 
102 |a RU 
105 |a y e 000zy 
200 1 |a Англо-русский словарь по гидротехнике  |e 18 000 терминов  |f В. А. Владимиров, Б. Ф. Горюнов, М. Ф. Губин и др. 
210 |a Москва  |c Русский язык  |d 1983 
215 |a 295 с. 
606 |a Английский язык  |x Терминологические словари  |2 stltpush  |3 (RuTPU)RU\TPU\subj\29063  |9 52475 
606 |a Гидротехника  |x Теминология  |2 stltpush  |3 (RuTPU)RU\TPU\subj\6810 
610 1 |a словари 
610 1 |a терминологические словари 
610 1 |a гидрология 
610 1 |a гидрогеология 
675 |a 626/628(038)  |v 3 
686 |a Ш143.21-43  |v LBC/SL-A  |2 rubbk 
701 1 |a Владимиров  |b В. А.  |g Владимир Александрович 
701 1 |a Горюнов  |b Б. Ф.  |g Борис Федорович 
701 1 |a Губин  |b М. Ф.  |g Максимилиан Федорович 
701 1 |a Корчагина  |b А. Я. 
701 1 |a Корчагин  |b Е. А. 
801 0 |a RU  |b 63413507  |c 20011209  |g PSBO 
801 2 |a RU  |b 63413507  |c 20170929  |g PSBO 
942 |c BK